000 00652nam a2200277Ia 4500
005 20260324141710.0
008 008 260324s9999 xx 000 0 eng d
020 _a9780203696248
037 _aEBOOK
040 _aCRL
040 _beng
040 _cCRL
041 _2eng
041 _aeng
084 _qCRL
100 _aAndrew R. Williams
_91179341
245 0 _aPractical Guide to Alterations and Extensions
260 _bTaylor and Francis
260 _c1996
365 _a
365 _b275
856 _uhttp://www.taylorfrancis.com/books/9780203696248
942 _cEBOOK
999 _c1812544
_d1812544